Mcgahon v Crest Nicholson Regeneration Ltd (Record no. 82730)
[ view plain ]
| 000 -LEADER | |
|---|---|
| fixed length control field | 01157cad a22001935a 4500 |
| 001 - CONTROL NUMBER | |
| control field | L151196 |
| 008 - FIXED-LENGTH DATA ELEMENTS--GENERAL INFORMATION | |
| fixed length control field | 101006e2010 xxk 000 0 eng d |
| 035 ## - SYSTEM CONTROL NUMBER | |
| System control number | (Sirsi) u151196 |
| 041 0# - LANGUAGE CODE | |
| Language code of text/sound track or separate title | eng |
| 245 00 - TITLE STATEMENT | |
| Title | Mcgahon v Crest Nicholson Regeneration Ltd |
| Medium | [electronic resource] |
| 260 ## - PUBLICATION, DISTRIBUTION, ETC. | |
| Date of publication, distribution, etc. | 2010 |
| 520 ## - SUMMARY, ETC. | |
| Summary, etc. | [2010] EWCA Civ 842, 21 July 2010. Appellant (M) entered into agreement to purchase a long underlease of an apartment as an off plan purchase. Contract conditional on headlease being agranted by an agreed date after which either party have the right to rescind contract by serving written notice of recission. The headlease was granted and registered with the land registry before M served notice to rescind contract. Held: appeal dismissed. The right to rescind only exists up until the grant of the headlease and does not continue once the headlease has been granted. |
| 590 ## - LOCAL NOTE (RLIN) | |
| Local note | KA |
| 650 24 - SUBJECT ADDED ENTRY--TOPICAL TERM | |
| Topical term or geographic name entry element | MCGAHON V CREST NICHOLSON REGENERATION |
| 651 #4 - SUBJECT ADDED ENTRY--GEOGRAPHIC NAME | |
| Geographic name | United Kingdom |
| Chronological subdivision | |
| 690 ## - LOCAL SUBJECT ADDED ENTRY--TOPICAL TERM (OCLC, RLIN) | |
| Topical term or geographic name as entry element | Residential property |
| 9 (RLIN) | 6266 |
| 856 48 - ELECTRONIC LOCATION AND ACCESS | |
| Uniform Resource Identifier | <a href="https://www.bailii.org/ew/cases/EWCA/Civ/2010/842.html">https://www.bailii.org/ew/cases/EWCA/Civ/2010/842.html</a> |
| Public note | View this item free of charge at www.bailli.org |
| 942 ## - ADDED ENTRY ELEMENTS (KOHA) | |
| Suppress in OPAC | 0 |
| Withdrawn status | Lost status | Source of classification or shelving scheme | Damaged status | Not for loan | Home library | Current library | Shelving location | Date acquired | Total Checkouts | Full call number | Date last seen | Copy number | Price effective from | Koha item type |
|---|---|---|---|---|---|---|---|---|---|---|---|---|---|---|
| Dewey Decimal Classification | Virtual | Virtual | Online | 06/10/2010 | ONLINE JUDGMENT | 06/08/2019 | 1 | 06/08/2019 | Law report |